|
|
|
|
| LEADER |
01587nam a2200409 a 4500 |
| 001 |
000356165 |
| 003 |
CZ BrMZK |
| 005 |
20160531101151.0 |
| 008 |
980115s1998 gw f ger d |
| 040 |
|
|
|a BOA001
|b cze
|
| 043 |
|
|
|a e-gx---
|
| 045 |
|
|
|a x-x-
|
| 072 |
|
7 |
|a 101
|x Filozofie
|2 Konspekt
|9 5
|
| 072 |
|
7 |
|a 929
|x Biografie
|2 Konspekt
|9 8
|
| 080 |
|
|
|a 101
|2 MRF
|
| 080 |
|
|
|a 929
|2 MRF
|
| 080 |
|
|
|a 165.62
|2 MRF
|
| 080 |
|
|
|a (430)
|2 MRF
|
| 080 |
|
|
|a (043.3)
|2 MRF
|
| 100 |
1 |
|
|a Ruckteschell, Peter von
|7 xx0026092
|4 aut
|
| 245 |
1 |
0 |
|a Von der Ursprungswissenschaft zur Fundamentalontologie :
|b die Intentionalität als Leitstruktur im frühen Denken Heideggers /
|c vorgelegt von Peter von Ruckteschell.
|
| 260 |
|
|
|a Freiburg :
|b Albert-Ludwigs-Universität,
|c 1998
|
| 300 |
|
|
|a ix, 280 s. ;
|c 21 cm
|
| 500 |
|
|
|a Disertace(Dr.phil.)-Albert-Ludwigs-Universität, Freiburg. - Bibliogr.
|
| 541 |
|
|
|a Frankfurt, Universitätsbibliothek
|
| 600 |
1 |
7 |
|a Heidegger, Martin,
|d 1889-1976
|7 jn19990009594
|2 czenas
|
| 648 |
|
7 |
|a 20. století
|7 ch460558
|2 czenas
|
| 650 |
0 |
7 |
|a filozofové
|7 ph117191
|z Německo
|y 20. století
|2 czenas
|
| 650 |
0 |
7 |
|a německá filozofie
|7 ph123485
|y 20. století
|2 czenas
|
| 650 |
0 |
7 |
|a fenomenologie
|7 ph114531
|2 czenas
|
| 653 |
0 |
|
|a fundamentální ontologie
|
| 655 |
|
7 |
|a disertace
|7 fd132024
|2 czenas
|
| 655 |
|
7 |
|a disertace
|7 fd132024
|2 czenas
|
| 710 |
2 |
|
|a Universität Freiburg im Breisgau
|7 ko2002150445
|
| 910 |
|
|
|a BOA001
|b M2-1050.144
|
| 990 |
|
|
|a BK
|
| 996 |
7 |
|
|b 2610078828
|c M2-1050.144
|l MZK
|r Sklad / do 24 hodin
|n 4
|p vým
|w 000356165
|u 000010
|a 1
|e BOA001
|j MZK50
|s A
|